| 000 | 00689cam7a220020500 4500 | ||
|---|---|---|---|
| 001 | tmp15497424 | ||
| 003 | UPRA | ||
| 005 | 20190815104602.0 | ||
| 008 | 950829s1969 rm rum u | ||
| 035 | _a(Sirsi) r121369 | ||
| 035 | _a(UPRA)tmp15497424 | ||
| 040 | _cUPRA | ||
| 100 | 1 |
_aCalinescu, George, 1899-1965. _dCalinescu, George, 1899-1965. _6A88547.1 |
|
| 245 | 1 | 0 | _aOpera lui Mihai Eminescu. |
| 260 |
_aBucuresti : _bPentru literatura, _c1969. |
||
| 700 | 1 |
_aEminescu, Mihai, 1850-1889. _dEminescu, Mihai, 1850-1889. _6A88635.1 |
|
| 949 |
_aPC839.E5 _vVOL. 1 _wlcc _i-174454 _mMAIN _tBOOK _lON-SHELF |
||
| 949 |
_aPC839.E5 _vVOL. 2 _wlcc _i-174455 _mMAIN _tBOOK _lON-SHELF |
||
| 004 | 121369 | ||
| 999 |
_c66676 _d66676 |
||